An Austro-libertarian critique of public choice /

Bibliographic Details
Main Authors: DiLorenzo, Thomas J., (Author), Block, Walter, 1941- (Author)
Format: eBook
Language:English
Published: New York, New York : Addleton Academic Publishers, [2016]
Subjects:
Online Access:Click to View
LEADER 01712nam a2200409 i 4500
001 EBC6679267
003 MiAaPQ
005 20220603163417.0
006 m o d |
007 cr cnu||||||||
008 220603s2016 nyua ob 000 0 eng d
020 |z 9781935494973  |q (print) 
020 |a 9781935494980  |q (electronic bk.) 
035 |a (MiAaPQ)EBC6679267 
035 |a (Au-PeEL)EBL6679267 
035 |a (OCoLC)1261364531 
040 |a MiAaPQ  |b eng  |e rda  |e pn  |c MiAaPQ  |d MiAaPQ 
050 4 |a JC585   |b .D556 2016 
082 0 |a 323.44  |2 23 
100 1 |a DiLorenzo, Thomas J.,  |e author. 
245 1 3 |a An Austro-libertarian critique of public choice /  |c Thomas J. DiLorenzo, Walter E. Block. 
264 1 |a New York, New York :  |b Addleton Academic Publishers,  |c [2016] 
264 4 |c Ã2016 
300 |a 1 online resource (344 pages) :  |b illustrations 
336 |a text  |b txt  |2 rdacontent 
337 |a computer  |b c  |2 rdamedia 
338 |a online resource  |b cr  |2 rdacarrier 
504 |a Includes bibliographical references. 
588 |a Description based on print version record. 
590 |a Electronic reproduction. Ann Arbor, MI : ProQuest, 2018. Available via World Wide Web. Access may be limited to ProQuest affiliated libraries. 
650 0 |a Social choice. 
650 0 |a Libertarianism. 
655 4 |a Electronic books. 
700 1 |a Block, Walter,  |d 1941-  |e author. 
776 0 8 |i Print version:  |a DiLorenzo, Thomas J.  |t Austro-libertarian critique of public choice.  |d New York, New York : Addleton Academic Publishers, c2016   |h 344 pages   |z 9781935494973   |w (DLC) 2016953702 
797 2 |a ProQuest (Firm) 
856 4 0 |u https://ebookcentral.proquest.com/lib/matrademy/detail.action?docID=6679267  |z Click to View